00281nam a2200109Ia 4500008004100000020001800041082001600059100001700075245003700092260001400129500002800143260604s9999 xx 000 0 und d a9781032377414 a302.231 PIN aKate pincock 0aYoung People in the Global South bRoutledge aMass Media, Youngpeople